000 01287cam a22003374a 4500
999 _c2342
_d2342
003 OSt
005 20210708084722.0
008 050208s2006 paua b 001 0 eng
020 _a072160692X
040 _cDLC
042 _apcc
050 0 0 _aRJ421
_b.H385 2006
060 1 0 _aWG 210
_bH43479 2006
100 1 _aChang, Anthony C.
245 1 0 _aHeart failure in children and young adults :
_bfrom molecular mechanisms to medical and surgical strategies /
_cAnthony C. Chang, Jeffrey A. Towbin.
260 _aPhiladelphia :
_bSaunders Elsevier,
_cc2006.
300 _axxii, 800 p. :
_bill. (some col.) ;
_c29 cm.
504 _aIncludes bibliographical references and index.
650 0 _aPediatric cardiology.
650 0 _aHeart failure.
650 1 2 _aHeart Diseases
_xdiagnosis
_xAdolescent.
650 1 2 _aHeart Diseases
_xdiagnosis
_xChild.
650 2 2 _aCardiac Surgical Procedures
_xAdolescent.
650 2 2 _aCardiac Surgical Procedures
_xChild.
650 2 2 _aHeart Diseases
_xtherapy
_xAdolescent.
650 2 2 _aHeart Diseases
_xtherapy
_xChild.
700 1 _aTowbin, Jeffrey A.
906 _a7
_bcbc
_corignew
_d1
_eocip
_f20
_gy-gencatlg
942 _2lcc
_cBK
_nMM